[Event "Moscow-B"]
[Site "Moscow"]
[Date "1986.03.22"]
[Round "9"]
[White "Vasiukov, Evgeni"]
[Black "Kuzmin, Alexey"]
[Result "0-1"]
[WhiteElo "2480"]
[BlackElo "2355"]
[Annotator "Kuzmin/Kimmelfeld"]
[PlyCount "83"]
[EventDate "1986.03.??"]
[EventType "tourn"]
[EventRounds "11"]
[EventCountry "URS"]
[EventCategory "7"]
[SourceTitle "EXT 2002"]
[Source "ChessBase"]
[SourceDate "2001.11.25"]
[SourceVersion "1"]
[SourceVersionDate "2001.11.25"]
[SourceQuality "1"]

{Inf.41/83} 1. d4 Nf6 2. c4 g6 3. Nc3 Bg7 4. e4 d6 5. f3 O-O 6. Bg5 c5 7. d5 e6
8. Qd2 exd5 9. cxd5 a6 10. a4 h6 11. Be3 Re8 12. Nge2 Nbd7 13. Nc1 Nh7 14. Be2
g5 (14... Ne5 {- Inf.39/119}) 15. Ra3 (15. O-O $2 f5 {/\ f4}) 15... Qe7 $11 16.
Bf2 f5 17. exf5 Ne5 18. O-O Bxf5 19. Nd1 $1 Nf6 20. Ne3 Bd7 21. a5 g4 22. Kh1 (
22. fxg4 Nexg4 23. Bxg4 Bxg4 24. Bh4 Ne4 $1 25. Qe1 Qd7 26. h3 $13) 22... gxf3
23. gxf3 Nh5 24. Rg1 Kh8 (24... Nf4 $6 25. Nf5) 25. Nd3 Qf7 $1 26. Nxe5 Rxe5
$17 27. b4 Nf4 28. bxc5 dxc5 29. Bg3 Nxe2 (29... Rf8 $1 30. Bd1 Rh5 {/\ Bd4})
30. Qxe2 Ree8 31. Rb1 Bb5 32. Qg2 c4 $6 (32... Bd4) 33. Rc1 Rac8 34. Be1 Kh7
35. Qc2+ Kh8 36. Qg2 Kh7 37. Qc2+ Qg6 38. Nf5 $2 $138 (38. Qf2 $15) 38... Re5
39. Nxg7 $2 (39. Ne3 Qxc2 40. Rxc2 Bf8) 39... Rxe1+ 40. Rxe1 Qxc2 41. Nh5 Rf8
42. Re7+ 0-1

[Event "Zug FIDE GP"]
[Site "Zug"]
[Date "2013.04.26"]
[Round "8"]
[White "Karjakin, Sergey"]
[Black "Giri, Anish"]
[Result "1/2-1/2"]
[WhiteElo "2786"]
[BlackElo "2727"]
[Annotator "Margvelashvili,G"]
[PlyCount "63"]
[EventDate "2013.04.18"]
[EventType "tourn"]
[EventRounds "11"]
[EventCountry "SUI"]
[EventCategory "21"]
[SourceTitle "CBM 154"]
[Source "ChessBase"]
[SourceDate "2013.05.15"]
[SourceVersion "1"]
[SourceVersionDate "2013.05.15"]
[SourceQuality "1"]

1. d4 {Usually short draws between two grandmasters are pretty uneventful.
This game was definitely an exception.} Nf6 2. c4 g6 3. Nc3 Bg7 {Giri chooses
the King's Indian Defence, very aggressive but risky choice of opening against
Karjakin.} 4. e4 d6 5. f3 O-O 6. Be3 c5 {Lately the most popular choice
against 5.f3.} 7. d5 (7. dxc5 dxc5 8. Qxd8 Rxd8 9. Bxc5 Nc6 {is another main
line, but due to good development and active pieces black seem to have enough
compensation for the sacrificed pawn.}) (7. Nge2 {is also possible.}) 7... e6
8. Qd2 exd5 9. cxd5 Nbd7 {Now the game has transferred to the Benoni type of
positions that arise after 1.d4 Nf6 2.c4 c5 3.d5 e6. In these type of
positions, Black's main idea is to push ...b5 and develop an initiative on the
queensside, where they have a pawn majority. White tries to attack in the
center and the kingside.} 10. Nh3 a6 11. a4 {Preventing b5.} Ne5 12. Nf2 Bd7
13. h3 {Karjakin threatens f4 that would trap the e5-knight.} b5 $1 {The only
move, otherwise Giri's position would be just bad.} 14. f4 (14. axb5 $6 {
accepting the pawn sacrifice is not good for Karjakin, since after} axb5 15.
Rxa8 Qxa8 16. Bxb5 $2 Bxb5 17. Nxb5 Qa6 18. Na3 Rb8 {White would fall behind
in development too much, giving Black an almost winning position.}) 14... Nc4
15. Bxc4 bxc4 16. O-O Nh5 {Giri's idea is to play f5 and stop Karjakin's
advance on the kingsside.} 17. g4 Qh4 $1 {Sacrificing a piece.} (17... Ng3 $6
18. Rfe1 h5 19. f5 {and Giri's knight on g3 is in danger.}) 18. gxh5 Qg3+ 19.
Kh1 Bxh3 20. Rg1 Qh4 21. Rg2 (21. Rge1 {is another move recommended by engines.
} Rab8 22. Kh2 Bg4+ 23. Kg2 Bxh5 {leads to a very unbalanced position. This
line needs further deep analysis.}) (21. Nxh3 $4 {on the other hand, would be
just bad} Qxh3+ 22. Qh2 Qxe3) 21... Bg4+ $1 {Transferring the bishop to the
dominant f3-square.} 22. Kg1 Bf3 23. f5 {The most natural move, but it only
leads to a draw.} (23. e5 $5 {is the only way to fight for an advantage.} dxe5
24. h6 $1 Bxh6 25. fxe5 Bxe3 26. Qxe3 Bxg2 27. Kxg2 {with unclear play, but
here I would prefer White's position.}) 23... Be5 24. Bg5 Bh2+ $1 {Maybe
Karjakin missed this resource.} 25. Kf1 (25. Rxh2 $2 Qg3+ 26. Kf1 Qxh2 {
leads White to disaster.}) 25... Bxg2+ 26. Kxg2 Qg3+ 27. Kh1 f6 28. Bh6 Qh4 $1
29. Kg2 Qg3+ 30. Kh1 Qh4 31. Kg2 {Karjakin has no choice but to repeat the
position.} (31. Nh3 Be5 32. Qg2 Rfb8 {is too dangerous for White.}) 31... Qg3+
32. Kh1 1/2-1/2

[Event "Paris FIDE GP"]
[Site "Elancourt"]
[Date "2013.10.02"]
[Round "9"]
[White "Tomashevsky, Evgeny"]
[Black "Grischuk, Alexander"]
[Result "1/2-1/2"]
[WhiteElo "2706"]
[BlackElo "2785"]
[Annotator "Marin,M"]
[PlyCount "101"]
[EventDate "2013.09.22"]
[EventType "tourn"]
[EventRounds "11"]
[EventCountry "FRA"]
[EventCategory "20"]
[SourceTitle "CBM 157"]
[Source "ChessBase"]
[SourceDate "2013.11.12"]
[SourceVersion "1"]
[SourceVersionDate "2013.11.12"]
[SourceQuality "1"]
[WhiteClock "2:00:00"]
[BlackClock "2:00:00"]

1. d4 Nf6 2. c4 g6 3. Nc3 Bg7 4. e4 d6 5. h3 O-O 6. Bg5 c5 7. d5 e6 8. Bd3 exd5
9. cxd5 b5 $5 {Both players considered this to be a novelty, but there had
been just one game before, played between low rated players.} ({Grischuk had
faced this line earlier this same year:} 9... h6 10. Bf4 g5 11. Bh2 Re8 12.
Nge2 c4 13. Bc2 Na6 14. O-O Nc5 15. f3 b5 16. Kh1 Qb6 17. Bg1 Bd7 18. Qd2 Qd8
19. Bd4 Nh5 20. Bxg7 Nxg7 21. g4 $1 {[%csl Gg7]} Qf6 22. Qd4 Qe5 23. b4 $14 {
Svidler,P (2769)-Grischuk,A (2779)/Thessaloniki 2013/CBM 155 (1/2, 64)}) ({
I have spent a lot of time (and rating points!) to make the following line
work:} 9... Re8 10. Nf3 c4 11. Bc2 b5 12. a3 Bd7 (12... a5 13. Nxb5 Qb6 14. Qd4
Qxb5 15. Bxf6 Bxf6 16. Qxf6 Nd7 17. Qd4 {Chernin,A (2600)-Marin,M (2515)/
Budapest 1993/CBM 034/[Hansen,Cu] (1-0, 44)}) (12... a6 13. O-O Nbd7 14. Re1
Bb7 15. Qd2 Qb6 16. Be3 Qc7 17. Bh6 Rac8 18. Rad1 Qb6 19. Bxg7 Kxg7 20. Nd4 $14
{Yermolinsky,A (2590)-Marin,M (2520)/Tilburg 1994/CBM 044/[Knaak,R] (1-0, 36)})
13. O-O a5 14. Nd4 ({White does not have enough time for such neutral moves as:
} 14. Re1 Na6 15. e5 dxe5 16. Nxe5 b4 17. axb4 axb4 18. Nxd7 Rxe1+ 19. Qxe1
Qxd7 20. Ne4 Nxd5 $15 {1/2 Istratescu,A (2575)-Florean,A (2455)/Bucharest 1998/
CBM 064}) 14... Qb6 (14... Na6 15. Ndxb5 Bxb5 16. Nxb5 Qb6 17. Nc3 Qxb2 18. Bd2
{Rogozenco,D (2480)-Marin,M (2515)/Odorheiu Secuiesc 1993/CBM 036/[Knaak,R] 
(1-0, 24)}) 15. Be3 Qb7 16. Qf3 Na6 {Ziegler,A (2372)-Marin,M (2555)/
Gothenburg 2000/CBM 076 (1/2, 58). Finally, this is the way to play the Re8
and c4 line, but later I lost interest in the Benoni...}) 10. Nf3 $146 {
Safe but not too ambitious.} (10. Nxb5 Qb6 11. Bxf6 (11. Qd2 Nxe4) (11. Qe2 Re8
) 11... Bxf6 $44 {Koczo,K (2167)-Honsch,P (2015)/Budapest 2010/CBM 136 Extra 
(0-1, 24)}) 10... b4 11. Ne2 Qe8 {If Black can get his pawn to b4 without
playing ...a6 or ...c4, his position should be just great. Without the
d4-square for his pieces, White is rather passive.} 12. Nd2 Nbd7 13. O-O Ne5 {
[%csl Ge5]} 14. Bc2 Ba6 15. Re1 {Black has a dream position, with all his
minor pieces active, but how to proceed? One should never forget about the
threat e4-e5, it can turn tables in just an instant!} Nd3 $6 ({Grischuk
regretted not having played the patient} 15... Nfd7 16. a3 {Tomashevsky's
suggestion} (16. Nc1 c4) 16... b3 $1 {Overlooked by both players during the
post mortem.} ({The move analysed} 16... Nd3 {also looks good:} 17. Bxd3 Bxd3
18. axb4 cxb4 $15 19. Nb3 $6 Qxe4 20. Nf4 Qf5 21. Be7 Bc2 22. Nd4 Qxf4 23. Nxc2
Rfe8 24. g3 Qc4 $17) 17. Nxb3 (17. Bxb3 Nd3 $17) 17... Nc4 $15) 16. Bxd3 Bxd3
17. Nf4 Bb5 18. e5 $1 {Of course!} (18. Qc2 Nd7 $17) 18... dxe5 19. Bxf6 Bxf6
20. Ne4 Bg7 21. Nd3 {This was the move overlooked by Grischuk. Suddenly, he
felt that he was fighting for a draw, but there was a hidden resource
available still.} Rd8 $6 (21... Qd8 22. Ndxc5 Qb6 23. d6 Rad8 24. Qd5 $14) (
21... f5 $1 22. Nd6 Qd7 23. Nxb5 e4 $3 {Probably overlooked by both players.} (
23... Qxb5 24. Nxe5 $14) 24. Nxc5 Qxb5 25. Ne6 Bxb2 26. Rb1 Bc3 27. Nxf8 Rxf8
$44) 22. Ndxc5 Bc6 23. d6 Kh8 24. Rc1 $14 {White has a strong centralised
position. Sure, he needs to make something concrete out of it, otherwise the
bishops could become dangerous.} h6 25. Re2 $1 (25. d7 Bxd7 26. Nd6 Qe7 27.
Ndb7 Bxh3 28. Nxd8 Rxd8 29. Qb3 Bf5 30. Qxb4 h5 (30... e4 $44 {Tomashevsky})
31. Red1 Rd4 $44 {Grischuk}) (25. Qd2 f5 26. d7 Bxd7 27. Nd6 Bc8 $1 $11) 25...
f5 $6 (25... a5 $5) 26. d7 Bxd7 27. Rd2 $6 {Not bad, but not best either!} (27.
Nd6 $1 Qe7 28. Ncb7 Rb8 29. Rc7 $16) 27... fxe4 28. Rxd7 e3 29. fxe3 e4 30.
Rxd8 Qxd8 31. Ne6 $1 {Forcing the transposition to a slightly better rook
ending.} (31. b3 Qg5 $132) (31. Qxd8 Rxd8 32. b3 Rd2 $132) 31... Qxd1+ 32. Rxd1
Rc8 33. Nxg7 Kxg7 34. Rd7+ Kf6 35. Rxa7 Rc1+ 36. Kh2 Re1 $2 {This could have
caused serious problems.} (36... Rc2 $1 37. b3 Re2 38. Ra4 Ke5 $11 {The
e4-pawn sustained by Black's king and rook will ensure a draw depsite the
connected queenside passers.Please compare with the lines below.}) 37. Ra6+ Ke5
38. Ra5+ Ke6 39. Rb5 Rxe3 40. Rxb4 Ke5 (40... Re1 41. Kg3 $1) 41. Rb8 $2 {
After more than half an hour of thinking, White lets his last chance slip away.
} (41. Kg1 $1 Re1+ (41... Kf4 42. Kf2 Rd3 43. g3+ Ke5 44. Rb3 Rd2+ 45. Ke3) 42.
Kf2 Ra1 43. a4 {In view of g2-g3, Black's counterplay is not easy to build up.
He should try with} g5 (43... Kf4 44. g3+) (43... h5 44. h4) 44. g3 h5 {
but after} 45. Rb5+ Kd4 46. a5 {he would still need to prove an accurate way
to a draw.}) 41... Re1 $1 42. b4 (42. Kg3 Rf1 {cutting off the king}) 42... e3
43. b5 Kd4 {The rest is simple.} 44. b6 e2 45. Re8 Kd3 46. b7 Rb1 47. Rd8+ Kc3
48. Re8 Kd2 49. Rd8+ Kc3 50. Re8 Kd2 51. Rd8+ 1/2-1/2

[Event "Interzonal-15"]
[Site "Manila"]
[Date "1990.??.??"]
[Round "8"]
[White "Marin, Mihail"]
[Black "Mascarinas, Rico"]
[Result "1-0"]
[WhiteElo "2485"]
[BlackElo "2465"]
[Annotator "Marin,M"]
[PlyCount "53"]
[EventDate "1990.06.29"]
[EventType "swiss"]
[EventRounds "13"]
[EventCountry "PHI"]
[SourceTitle "CBM 019"]
[Source "ChessBase"]
[SourceDate "1990.12.01"]
[SourceVersion "1"]
[SourceVersionDate "1990.12.01"]
[SourceQuality "1"]

1. d4 Nf6 2. c4 g6 3. Nc3 Bg7 4. e4 d6 5. f3 c5 6. d5 O-O 7. g4 $5 e6 8. Nge2
exd5 9. cxd5 a6 (9... b6 $5 {/\ Ba6}) 10. a4 Nfd7 $5 {/\ Qh4} (10... Nbd7) (
10... h5 $5) 11. h4 Ne5 12. Ng3 {/\ Be2, f4} f5 13. gxf5 gxf5 14. f4 $1 $14 {|^
} Ng4 $6 (14... Ng6 15. h5 Ne7 (15... Nh4 16. h6 $1 {/\ Qh5+/-}) 16. e5 $36) (
14... Nf7) 15. Be2 $16 {/\ Bg4} Nh6 16. e5 $1 $40 dxe5 17. Nh5 e4 (17... exf4
18. Bxf4 $16) 18. Nxg7 Kxg7 19. b4 $1 {/^a1-h8} cxb4 20. Qd4+ Rf6 (20... Qf6
21. Qxb4 {/\ Bb2+-}) 21. Rg1+ Ng4 (21... Kf7 22. Bh5+) (21... Kf8 22. Qxb4+) (
21... Kh8 22. Qxb4 {/\ Bb2}) 22. Bxg4 $18 Kh6 (22... bxc3 23. Bxf5+ Kf7 24.
Be6+ $1) (22... fxg4 23. Nxe4) (22... Nc6 23. Be2+ Kh6 24. Qc4 bxc3 25. Qxc3 (
25. dxc6 $6 Rxc6) 25... Qa5 (25... Na5 26. Bb2 Rg6 27. Qg7+ Rxg7 28. Bxg7#) 26.
Bd2 Qxc3 27. Bxc3) 23. Nxe4 $1 Rg6 (23... fxe4 24. Bxc8) 24. Ng5 Be6 25. Nxe6
Rxe6+ (25... Nc6 26. Nxd8 Nxd4 27. Nf7+ Kg7 28. Bb2) (25... Qxh4+ 26. Qf2 Rxg4
27. Rxg4 Qxg4 28. Nc7) 26. Be2 Rf6 (26... Qxh4+ 27. Qf2) 27. Rg8 1-0

[Event "Hospitalet op"]
[Site "Sitges"]
[Date "1993.??.??"]
[Round "6"]
[White "Solozhenkin, Evgeniy"]
[Black "Marin, Mihail"]
[Result "1/2-1/2"]
[WhiteElo "2515"]
[BlackElo "2515"]
[Annotator "Marin,M"]
[PlyCount "50"]
[EventDate "1993.07.??"]
[EventType "swiss"]
[EventRounds "9"]
[EventCountry "ESP"]
[SourceTitle "CBM 038"]
[Source "ChessBase"]
[SourceDate "1994.02.01"]
[SourceVersion "1"]
[SourceVersionDate "1994.02.01"]
[SourceQuality "1"]

1. d4 Nf6 2. c4 c5 3. d5 d6 4. Nc3 g6 5. e4 Bg7 6. f3 O-O 7. Bg5 e6 8. Qd2 h6
9. Be3 (9. Bxh6 Nxe4 10. Nxe4 Qh4+) 9... exd5 10. cxd5 Re8 11. Nge2 Nbd7 12.
Nd1 (12. Nc1 {/\ Nc1-d3-f2} Ne5 13. Nd3 $2 Nc4) 12... b5 13. Ng3 (13. a4 b4)
13... h5 (13... a6 14. Bxh6 Bxh6 15. Qxh6 Nxd5 16. Qd2 Nb4 17. Nc3) 14. Bxb5
Rb8 (14... Qb6 $5) 15. Be2 (15. Bc6 h4 16. Ne2 h3 17. g3 Ne5 18. Bxe8 $2 Nxf3+)
(15. Bxd7 Nxd7 16. O-O Ba6 17. Re1 Ne5 $17) (15. a4 a6 16. Bxd7 Nxd7 17. O-O
Ne5 18. Qc2 a5 {/\ Ba6}) 15... h4 16. Nf1 Ne5 17. Rb1 $1 (17. h3 Nh5 18. Bg5
Bf6 19. Bxf6 Qxf6 20. Nh2 Ng3) (17. Qc2 h3 18. g3 Qb6 19. Nd2 Ba6) 17... Nh7 (
17... Qb6 {/\ Ba6} 18. b4 $6 Ba6 19. b5 h3 20. g3 Bxb5 21. a4 $2 Bxe2) 18. h3
f5 19. Nh2 Nf6 20. Nf2 fxe4 21. fxe4 Rb4 $1 22. Bg5 (22. O-O Nxe4 23. Nxe4 Rxe4
$17) (22. Qc2 Nxe4 23. Nxe4 Rxe4 24. Qxe4 Bf5 $17) 22... Rd4 $2 (22... Nf7 $1
23. Bxf6 (23. Bxh4 Nxe4 24. Bxd8 Nxd2 25. Kxd2 Nxd8 $17) 23... Qxf6 24. b3 Ne5)
23. Qc2 (23. Qc1 Ba6) 23... Nf7 24. Bxf6 Bxf6 $6 (24... Qxf6 25. Nf3 Rb4 $17)
25. O-O Ne5 (25... Ne5 26. Nhg4 Bxg4 27. Nxg4 Nxg4 28. Bxg4 Rexe4 29. Bf3 Rc4
30. Qd3 Rcd4 31. Qc2 Rc4) 1/2-1/2

[Event "RUS-ch Superfinal"]
[Site "Moscow"]
[Date "2006.12.08"]
[Round "5"]
[White "Khismatullin, Denis Rimovich"]
[Black "Inarkiev, Ernesto"]
[Result "0-1"]
[WhiteElo "2583"]
[BlackElo "2628"]
[Annotator "Marin,M"]
[PlyCount "100"]
[EventDate "2006.12.03"]
[EventType "tourn"]
[EventRounds "11"]
[EventCountry "RUS"]
[EventCategory "15"]
[SourceTitle "CBM 116"]
[Source "ChessBase"]
[SourceDate "2007.02.01"]
[SourceVersion "1"]
[SourceVersionDate "2007.02.01"]
[SourceQuality "1"]

1. d4 Nf6 2. c4 g6 3. Nc3 Bg7 4. e4 d6 5. f3 O-O 6. Be3 c5 7. d5 e6 8. Qd2 exd5
9. cxd5 a6 10. a4 Re8 11. a5 $5 {A relatively rare move. In this variation,
White would be very happy to be allowed to play Nh3-f2, but needs to wait
until Black develops his own queen's knight to do so. However, playing a
waiting game is not easy for White, because this implies staying with his king
in the centre for a long time.} b5 12. axb6 Qxb6 13. Nge2 {Not very consequent.
White has allowed Black open the queenside for nothing. However, other moves
do not promisse an advantage either.} (13. Bd3 $6 Nbd7 14. Nh3 Ne5 15. Nf2 {
White has achieved his goal, but at the price of giving up his important
bishop.} Nxd3+ 16. Nxd3 a5 17. O-O Ba6 18. Rf2 Nd7 $15 {All Black's pieces are
optimally placed, Kraidman,Y (2415)-Har Zvi,R (2350)/Tel Aviv 1992/CBM 029 ext
(0-1, 47)}) ({The most consistent continuation is the slightly paradoxical} 13.
Be2 {, which deprives the knight from the e2-square, but keeps Black under
some incertitude at the same time.} h5 (13... Nbd7 $6 {is exactly what Black
shouldnot do.} 14. Nh3 Ne5 15. Nf2 Bd7 16. O-O $14 {Istratescu,A (2578)
-Radovanovic,D (2331)/Chania 2000/EXT 2001 (1-0, 28)}) 14. Bd1 {This move
actually marks the deviation from the initial plan, but staying with the king
in the centre for too long would probably be dangerous.} Nbd7 15. Nge2 (15. Nh3
$2 Ne5 {[%csl Gc4,Gh3]}) 15... Ne5 16. b3 a5 $1 $10 {[%cal Yc8a6,Ga6f1] By
transferring his bishop to c2, White intends to inhibit the thematic break ...
f5. However, in doing that he weakens the control of another crucial diagonal.}
17. O-O Ba6 18. Bc2 Qc7 (18... Nfd7 $2 19. h3 {/\f4|^} c4) 19. Ra4 $6 (19. Rfc1
Nfd7 20. Kh1 c4 21. Bd4 {Christiansen,L (2575)-Marin,M (2475)/Szirak 1987/CBM
03/[Marin,M] (1/2-1/2, 31)} cxb3 22. Bxb3 Nc5 23. Ba4 Reb8 24. Qg5 {/\f4<=>})
19... Nfd7 20. Rfa1 $6 Bxe2 $1 (20... Nb6 $6 21. Rxa5 $1 Nbc4 22. bxc4 Nxc4 23.
Rxa6 $1 Rxa6 24. Rxa6 Nxd2 25. Bxd2 $14) 21. Nxe2 (21. Qxe2 $6 Nxf3+ $17) 21...
Nb6 $1 22. R4a2 (22. Rxa5 $2 Nxf3+ $1 23. gxf3 Bxa1 $19) 22... a4 23. Nc3 (23.
bxa4 Nec4 24. Qd3 Nxe3 25. Qxe3 Bxa1 26. Rxa1 Nxd5 $19) 23... Qb7 $1 24. Bf2 (
24. bxa4 $2 Nec4 25. Qe1 Nxe3 $19 26. Qxe3 $2 Bd4) (24. Nxa4 $2 Nxa4 25. Rxa4
Nxf3+ 26. gxf3 Bxa1 $19) 24... axb3 25. Bxb3 (25. Rxa8 Rxa8 26. Rxa8+ Qxa8 27.
Bxb3 Qa3 $36) 25... Rxa2 26. Bxa2 (26. Qxa2 Nxf3+ $17) (26. Rxa2 Nbc4) 26...
Qa6 27. Rb1 Ra8 28. Bb3 (28. f4 Qd3 29. Qxd3 Nxd3 30. e5 Nxf4 31. Rxb6 Bxe5 32.
Be1 Bxc3 33. Bxc3 Ne2+ $19) 28... Nbc4 29. Qe2 (29. Bxc4 Qxc4 $17) 29... Na3 $1
30. Rd1 (30. Qxa6 Rxa6 31. Ra1 Nd3 32. Bc4 $5 Nxc4 $1 33. Rxa6 Bxc3 $19) 30...
Qxe2 (30... c4 31. Ba2 Nd3 $17) 31. Nxe2 c4 32. Ba2 Nb5 33. Bb1 Ra1 34. Bc2 $2
(34. Bd4 $8) 34... Ra2 35. Rc1 Nd3 {, 1-0 Genov Petar (2485)-Mihail Marin 
(2511) Solsona 2004,} 36. Bxd3 cxd3 37. Nf4 d2 $19) 13... Nbd7 14. Na4 Qc7 15.
Nec3 {White is just two moves away from castling, but the placement of his
knights is hardly adequate.} Rb8 16. Be2 Ne5 17. O-O Rb4 {Although there was
no immediate danger of a white knight's transfer to c4, Black takes under
strict observation this important square. His quenside play is simple and
efficient.} 18. Ra3 Bd7 19. Rfa1 (19. Bxa6 $2 Ra8 $1 $17 {[%csl Ya4,Ya6]})
19... Reb8 20. Nd1 (20. Bxa6 c4 $44 {[%csl Ya6][%cal Ge5d3]}) 20... Nc4 (20...
Bb5 $5 {[%csl Yc4] would have been simpler. After the exchange of the
light-squared bishops, Black would install his knight to c4 with all the
comfort.}) 21. Bxc4 Rxc4 22. Nac3 Bc8 {[%csl Ga6]} 23. Na2 {White has moved
around with his knights a lot, without achieving anything concrete yet.} Nd7
$132 {In spite of the slightly awkward placement of the rook on c4, Black has
good counterplay.} 24. Rb1 Bd4 25. Qe2 Ne5 26. h3 g5 27. b3 f5 28. Nb2 Bxe3+
29. Qxe3 f4 30. Qe1 Rd4 31. Nc4 Qe7 32. Nxe5 Qxe5 33. Qc3 h5 34. Qa5 Qe7 35.
Nc3 Rdb4 36. Re1 g4 37. e5 dxe5 38. d6 Qxd6 39. Ne4 Qd4+ 40. Kh1 Bf5 41. Nf6+
Kh8 42. Qc7 R4b7 43. Qxe5 Qxe5 44. Rxe5 g3 45. Re1 Rxb3 46. Rxa6 c4 47. Raa1 c3
48. Rac1 c2 49. Nxh5 R3b4 50. Kg1 Bg6 0-1

[Event "Interzonal-14b"]
[Site "Szirak"]
[Date "1987.??.??"]
[Round "14"]
[White "Christiansen, Larry Mark"]
[Black "Marin, Mihail"]
[Result "1/2-1/2"]
[WhiteElo "2575"]
[BlackElo "2475"]
[Annotator "Marin,M"]
[PlyCount "63"]
[EventDate "1987.07.??"]
[EventType "tourn"]
[EventRounds "17"]
[EventCountry "HUN"]
[EventCategory "12"]
[SourceTitle "CBM 003"]
[Source "ChessBase"]
[SourceDate "1988.04.01"]
[SourceVersion "1"]
[SourceVersionDate "1988.04.01"]
[SourceQuality "1"]

1. d4 Nf6 2. c4 c5 3. d5 d6 4. Nc3 g6 5. e4 Bg7 6. f3 O-O 7. Bg5 e6 8. Qd2 h6
9. Be3 exd5 10. cxd5 Re8 11. Be2 $5 h5 12. a4 a6 13. a5 b5 (13... Nbd7 $6 14.
Nh3 $14) 14. axb6 Qxb6 15. Bd1 (15. Ra2 $142 $5 $14) 15... Nbd7 16. Nge2 Ne5
17. b3 a5 $1 $10 18. O-O Ba6 19. Bc2 Qc7 (19... Nfd7 $2 20. h3 {/\f4|^}) 20.
Rfc1 (20. h3 c4 21. f4 Nd3 22. bxc4 Nb2 $13) 20... Nfd7 21. Kh1 c4 (21... Rab8
$5 {/\Rb4,c4<=>}) 22. Bd4 (22. Na4 Reb8 $13) 22... Nc5 (22... cxb3 $142 23.
Bxb3 Nc5 24. Ba4 Reb8 25. Qg5 {/\f4<=>} (25. Nd1 $6 Rb4 $36)) 23. bxc4 Nxc4 24.
Qg5 $1 {/\Bg7,Ng3><h5} Ne5 $1 $8 25. f4 Ned3 26. Bxg7 Kxg7 27. Ng3 Nf2+ 28. Kg1
Qa7 $1 29. Nxh5+ Kg8 30. Nf6+ Kg7 31. Nh5+ (31. Nxe8+ $2 Rxe8 {/\Nh3-+}) 31...
Kg8 32. Nf6+ 1/2-1/2